Take Back Higher Education : (Record no. 620233)

MARC details
000 -LEADER
fixed length control field 00492nam a2200193 a 4500
008 - FIXED-LENGTH DATA ELEMENTS--GENERAL INFORMATION
fixed length control field 260428s2004##################000#0#eng##
020 ## - INTERNATIONAL STANDARD BOOK NUMBER
ISBN 9781403964236
082 04 - DEWEY DECIMAL CLASSIFICATION NUMBER
Classification number 378.73
Item number GIR
100 1# - MAIN ENTRY--AUTHOR NAME
Personal name Giroux, Henry A.,
245 10 - TITLE STATEMENT
Title Take Back Higher Education :
260 ## - PUBLICATION, DISTRIBUTION, ETC. (IMPRINT)
Name of publisher Macmillan,
Year of publication 2004.
300 ## - PHYSICAL DESCRIPTION
Number of Pages 344 pages
650 #0 - SUBJECT ADDED ENTRY--TOPICAL TERM
Topical Term Education.
942 ## - ADDED ENTRY ELEMENTS (KOHA)
Koha item type English Books
Holdings
Withdrawn status Lost status Damaged status Not for loan Home library Current library Shelving location Date acquired Full call number Accession Number Price effective from Koha item type
        Anna Centenary Library Anna Centenary Library 4TH FLOOR, B WING 28.04.2026 378.73 GIR 321288 28.04.2026 English Books

Find us on the map